00921nam a2200229 a 450000100060000000300080000600500170001400800410003102000150007203500190008704000230010604100080012908200240013724502130016126001230037430000250049760000500052265000480057265000350062070000180065570000180067356735BD-RjUL20211209080428.0161203s1983 ne 110 0 eng  a0444866116 a(BD-RjUL)56859 aDLCcDLCdDLCbeng aeng00a001.4223bINF 198300aInformation policy and scientific research :bproceedings of a symposium in honour of Drs. R.E.M. van den Brink, past President of Elsevier, Amsterdam, 2 June 1981 /cedited by Arie A. Manten and Theo Timman. aAmsterdam :bElsevier Science Publishers ;aNew York :bSole distributors for the U.S.A. Elsevier Science Pub.,c1983. avi, 170 p. ;c23 cm.10aBrink, Rudolf Engelbert Marie van den,d1919- 0aResearchxInformation servicesxCongresses. 0aScience and statexCongresses.1 aManten, A. A.1 aTimman, Theo.